000 01014nam a2200277 a 4500
001 67592
003 BD-RjUL
005 20211209081655.0
008 170327s2009 bg a b 000 0 eng
020 _a9843000025045
035 _a(BD-RjUL)67723
040 _aDLC
_beng
_cDLC
_dBD-RjUL
_erda
041 _aeng
082 _223
_a636.084
_bKHF 2009
100 1 _aKhan, Md. Jasimuddin.
_9200276
245 1 0 _aFodder germplasm in SAARC countries /
_ccontributed by Md. Jasimuddin Khan [and five others] ; compiled by Md. Azizur Rahman ; edited by Mohammad Abdullah.
260 _aDhaka :
_bSAARC Agriculture Centre,
_c2009.
300 _aix, 212 p. :
_bill, ;
_c25 cm
504 _aIncludes bibliographical references (pages 194-201).
650 0 _aGermplasm resources, Plant
_zSouth Asia.
_9200277
650 0 _aFeeds
_zSouth Asia.
_9200278
700 1 _aRahman, Md. Azizur,
_cDr.
_9200279
700 1 _aAbdullah, Mohammad.
_9200280
710 2 _aSAARC Agricultural Information Centre.
_9116958
942 _2ddc
_cBK
999 _c67592
_d67592